00797nam a22002297a 4500003000500000005001700005008004100022010001100063011001100074020001800085035001100103040000900114082001700123100003500140245013900175260003600314300002900350490005000379650004400429650004400473830005000517CHAP20220329143836.0121107s2010 mx a r 00010 spa d a102650 a103622 a9786074510300 a114311 cCHAP04a378.098bF391 aFernández Lamarra, Norberto.10aHacia una nueva agenda de la educación superior en América Latina :bsituación y perspectivasc/por Norberto Fernández Lamarra aMéxico, D.F. :bANUIES,c2010 a176 p. :bilus., cuadros 0aTemas de hoy en la educación superiorv; 2814aEducación superiorxAmérica Latina.14aPolítica educativaxAmérica Latina.0 aTemas de hoy en la educación superiorv; 28